| 000 | 00412 a2200169 4500 | ||
|---|---|---|---|
| 005 | 20260309153623.0 | ||
| 008 | 260309b |||||||| |||| 00| 0 eng d | ||
| 020 | _a9781509558681 | ||
| 040 | _cSDCL | ||
| 041 |
_2eng _aeng |
||
| 084 | _aV1:19'P R2 | ||
| 100 | _aRanciere, Jacques | ||
| 245 | _aUncertain Times | ||
| 260 |
_aCambridge : _bPolity Press, _c2024. |
||
| 300 | _axvi, 148p. | ||
| 942 |
_cTEXL _2CC |
||
| 999 |
_c1672535 _d1672535 |
||